High A Minor League Baseball Teams - Statistics

General Stats
  • This quiz has been taken 15 times
  • The average score is 16 of 30
Answer Stats
Answer % Correct
Bowling Green Hot Rods
100%
Hickory Crawdads
100%
Hudson Valley Renegades
100%
Winston-Salem Dash
100%
Aberdeen IronBirds
50%
Beloit Sky Carp
50%
Brooklyn Cyclones
50%
Cedar Rapids Kernels
50%
Dayton Dragons
50%
Eugene Emeralds
50%
Everett AquaSox
50%
Fort Wayne TinCaps
50%
Great Lakes Loons
50%
Greensboro Grasshoppers
50%
Greenville Drive
50%
Hillsboro Hops
50%
Jersey Shore BlueClaws
50%
Lansing Lugnuts
50%
Quad Cities River Bandits
50%
Rome Braves
50%
South Bend Cubs
50%
Spokane Indians
50%
Tri-City Dust Devils
50%
Vancouver Canadians
50%
West Michigan Whitecaps
50%
Wilmington Blue Rocks
50%
Wisconsin Timber Rattlers
50%
Asheville Tourists
0%
Lake County Captains
0%
Peoria Chiefs
0%
No matching quizzes found
Score Distribution
Percent of People with Each Score
Percentile by Number Answered
Your Score History
You have not taken this quiz